000 00643nam a2200229Ia 4500
005 20260320201906.0
008 008 262003s9999 xx 000 0 eng d
037 _aEBOOK
040 _aCRL
040 _beng
040 _cCRL
041 _2eng
041 _aeng
084 _qCRL
100 _aTevault
_91136232
245 0 _aLinux Service Management Made Easy with systemd: Advanced techniques to effectively manage, control, and monitor Linux systems and services
260 _bIEEE
856 _uhttps://ieeexplore.ieee.org/servlet/opac?bknumber=10162970
942 _cEBOOK
999 _c1724129
_d1724129